书目信息 |
| 题名: |
音体美教学心理学
|
|
| 作者: | 张奇 著 | |
| 分册: | ||
| 出版信息: | 北京 北京教育出版社 2001 |
|
| 页数: | 263页 | |
| 开本: | 20cm | |
| 丛书名: | 中小学学科教学心理学书系 | |
| 单 册: | ||
| 中图分类: | G447 , B849 | |
| 科图分类: | ||
| 主题词: | 音乐--教学心理学--中小学 , 体育--教学心理学--中小学 , 美术--教学心理学--中小学 , 应用心理学 | |
| 电子资源: | ||
| ISBN: | 7-5303-2130-7 | |
| 000 | 00973oam2 2200301 450 | |
| 001 | 1536393913 | |
| 005 | 20150125100714.42 | |
| 010 | @a7-5303-2130-7@dCNY13.00 | |
| 100 | @a20010618d2001 em y0chiy0110 ea | |
| 101 | 0 | @achi |
| 102 | @aCN@b110000 | |
| 105 | @ay z 000yy | |
| 200 | 1 | @a音体美教学心理学@9yin ti mei jiao xue xin li xue@f张奇等著 |
| 210 | @a北京@c北京教育出版社@d2001 | |
| 215 | @a263页@d20cm | |
| 225 | 2 | @a中小学学科教学心理学书系 |
| 300 | @a教育部重点科研项目成果 | |
| 330 | @a本书共分十章,主要内容有:音体美学科的性质和教学目的、音体美教学的心理学基础、音体美教学的教育学基础、音乐教学心理、体育教学心理等。 | |
| 461 | 0 | @12001 @a中小学学科教学心理学书系 |
| 606 | 0 | @a音乐@x教学心理学@x中小学 |
| 606 | 0 | @a体育@x教学心理学@x中小学 |
| 606 | 0 | @a美术@x教学心理学@x中小学 |
| 606 | 0 | @a应用心理学 |
| 690 | @aG447@v5 | |
| 690 | @aB849@v4 | |
| 701 | 0 | @a张奇@9zhang qi@4著 |
| 801 | 0 | @aCN@bTSSF@c20150125 |
| 905 | @aZUCC@dB849@eJY16 | |
| 音体美教学心理学/张奇等著.-北京:北京教育出版社,2001 |
| 263页;20cm.-(中小学学科教学心理学书系) |
| 教育部重点科研项目成果 |
| ISBN 7-5303-2130-7:CNY13.00 |
| 本书共分十章,主要内容有:音体美学科的性质和教学目的、音体美教学的心理学基础、音体美教学的教育学基础、音乐教学心理、体育教学心理等。 |
| ● |
| 相关链接 |
|
|
|
|
正题名:音体美教学心理学
索取号:B849/JY16
 
预约/预借
| 序号 | 登录号 | 条形码 | 馆藏地/架位号 | 状态 | 备注 |
| 1 | 7846113 | 278461139 | 学院路分馆/ [索取号:B849/JY16] | 在馆 |